000 00265nam a22001217a 4500
003 SGT
082 _a746.44
_bDHA
100 _aDHANLAXMI, DAVDA
245 _aDHAN'S SPRING SUMMER COLLECTION
260 _bINDICA PUB. KOLKATA
_c2016
300 _a45
942 _2ddc
_cBK
999 _c13395
_d13395